Linienstern Mühldorf am Inn Stationen - Statistiken

Allgemein
  • Dieses Quiz wurde 6 mal gespielt
  • Das Durchschnittsergebnis liegt bei 20 aus 80
Antwortstatistiken
Antworten % Korrekt
Altötting
100%
Neumarkt-St. Veit
100%
Tüßling
100%
Burghausen
75%
Burgkirchen
75%
Heiligenstatt
75%
Neuötting
75%
Pfarrkirchen
75%
Rosenheim
75%
Ampfing
50%
Eggenfelden
50%
Egglkofen
50%
Freilassing
50%
Garching (Alz)
50%
Gendorf
50%
Hörlkofen
50%
Julbach
50%
Marktl
50%
Markt Schwaben
50%
München Hbf
50%
München Ost
50%
Schwindegg
50%
Simbach (Inn)
50%
Thann-Matzbach
50%
Töging (Inn)
50%
Vilsbiburg
50%
Walpertskirchen
50%
Weidenbach
50%
Dorfen Bf
25%
Fürstenzell
25%
Gars (Inn)
25%
Jettenbach
25%
Kastl (Obb)
25%
Mühldorf (Oberbay)
25%
Passau Hbf
25%
Pocking
25%
Tacherting
25%
(Traunreut)
25%
Traunstein
25%
Trostberg
25%
Aich (Niederbay)
0%
Altenmarkt (Alz)
0%
Anzenkirchen
0%
Bad Birnbach
0%
Bad Höhenstadt
0%
Bayerbach
0%
Eggenfelden Mitte
0%
Engertsham
0%
Fridolfing
0%
Geisenhausen
0%
Hebertsfelden
0%
Hörpolding
0%
Karpfham
0%
Kirchanschöring
0%
Kirchweidach
0%
Landshut (Bay) Hbf
0%
Landshut (Bay) Süd
0%
Laufen (Oberbay)
0%
Massing
0%
Matzing
0%
Neukirchen (Inn)
0%
Neustift (b Passau)
0%
Ramerberg
0%
Rohrbach (Oberbay)
0%
Rosenheim Hochschule
0%
Rott (Inn)
0%
Ruhstorf
0%
Salzburg Hbf
0%
Salzburg Mülln-Altstadt
0%
Salzburg Taxham Europark
0%
Schalchen
0%
Schechen
0%
Soyen
0%
Stein (Traun)
0%
Sulzbach (Inn)
0%
Tittmoning-Wiesmühl
0%
Traunstein Klinikum
0%
Waldkraiburg-Kraiburg
0%
Wasserburg (Inn) Bahnhof
0%
Wiesmühl (Alz)
0%
Keine übereinstimmenden Quizze gefunden
Verteilung der Resultate
Anzahl Personen mit jedem Resultat
Perzentil nach korrekt beantworteten Fragen
Ihre Resultats-Entwicklung
Sie haben dieses Quiz noch nicht gespielt